[Event "Detroit (MOR/1b/37)"]
[Site "?"]
[Date "1992.??.??"]
[Round "?"]
[White "Williams, Claude"]
[Black "Basas, J."]
[Result "0-1"]
[WhiteElo "1605"]
[BlackElo "1735"]
[PlyCount "56"]
[EventDate "1992.??.??"]

1. e4 e5 2. Nf3 Nc6 3. d4 exd4 4. Bc4 Na5 5. Bxf7+ Kxf7 6. Ne5+ Ke6 7. Qxd4 c6
8. f4 b6 9. f5+ Ke7 10. Bg5+ Nf6 11. Ng4 Kf7 12. Ne5+ Ke8 13. b4 c5 14. Bxf6
gxf6 15. Qd5 fxe5 16. Qxa8 cxb4 17. Qd5 Qf6 18. Nd2 Bb7 19. Qd3 Bc5 20. O-O-O
Rg8 21. g3 Ke7 22. Nf3 d6 23. Rhe1 Qf7 24. Kb1 Nc4 25. Nd2 Na3+ 26. Ka1 Bd4+
27. Qxd4 exd4 28. Nb3 Nxc2+ 0-1

[Event "Detroit (MOR/5/77)"]
[Site "?"]
[Date "1992.??.??"]
[Round "?"]
[White "Williams, C."]
[Black "Vega, D."]
[Result "0-1"]
[WhiteElo "1605"]
[BlackElo "1655"]
[PlyCount "88"]
[EventDate "1992.??.??"]

{5/(77)} 1. e4 c5 2. c3 e6 3. d4 d5 4. e5 cxd4 5. cxd4 Qa5+ 6. Nc3 Bd7 7. Bd2
Bb4 8. Bd3 Ne7 9. f4 O-O 10. Nf3 Rc8 11. Qc2 g6 12. O-O Nbc6 13. a3 Bxc3 14.
Bxc3 Qb6 15. Qf2 Qb3 16. Qh4 Nf5 17. Bxf5 exf5 18. Ng5 h5 19. Rf3 Qb6 20. Kh1
Qd8 21. Qg3 Be8 22. Re1 Rc7 23. Rfe3 a5 24. e6 f6 25. e7 Qc8 26. Nf3 b5 27. Re6
Raa7 28. Nh4 Rxe7 29. Rxe7 Rxe7 30. Nxg6 Rg7 31. Qf3 Rxg6 32. Qxd5+ Bf7 33.
Qxb5 Qa8 34. Qf1 Bd5 35. Re2 Be4 36. Rd2 Ne7 37. d5 Nxd5 38. Qc4 Kg7 39. h3
Nxc3 40. bxc3 Bd5 41. Qe2 Bxg2+ 42. Kh2 Be4 43. Rd4 Rg2+ 44. Qxg2+ Bxg2 0-1

[Event "Detroit (MOR/3/70)"]
[Site "?"]
[Date "1992.??.??"]
[Round "?"]
[White "Williams, C."]
[Black "Saulmon, Scott"]
[Result "0-1"]
[WhiteElo "1605"]
[BlackElo "1765"]
[PlyCount "66"]
[EventDate "1992.??.??"]

{3/(70)} 1. e4 e6 2. d4 d5 3. Nc3 Nf6 4. e5 Nfd7 5. Nf3 c5 6. Be3 Nc6 7. Bb5
Qb6 8. a4 cxd4 9. a5 Qc7 10. Bxc6 bxc6 11. Nxd4 c5 12. Ncb5 Qxe5 13. Nf3 Qb8
14. Qe2 a6 15. Nbd4 cxd4 16. Bxd4 Qb5 17. Qe3 Bc5 18. Kd2 Bxd4 19. Qxd4 O-O 20.
Ra3 Qc5 21. Qh4 Rb8 22. b4 Qxb4+ 23. Qxb4 Rxb4 24. Re1 Nf6 25. Ree3 Ne4+ 26.
Ke2 Bd7 27. Kd3 Bb5+ 28. c4 Bxc4+ 29. Kd4 f6 30. Ne5 Bb5+ 31. Nc4 Bxc4 32. Rxe4
Bb5+ 33. Kc5 Rxe4 0-1

[Event "Detroit (MOR/7/90)"]
[Site "?"]
[Date "1992.??.??"]
[Round "?"]
[White "Williams, C."]
[Black "Gaiefsky, S."]
[Result "0-1"]
[WhiteElo "1605"]
[BlackElo "1605"]
[PlyCount "104"]
[EventDate "1992.??.??"]

{7/(90)} 1. e4 c5 2. Nc3 Nc6 3. f4 e6 4. Nf3 d5 5. Bb5 a6 6. Bxc6+ bxc6 7. d3
d4 8. Ne2 Nf6 9. O-O Be7 10. Ne5 Qc7 11. Ng3 O-O 12. Nh5 g6 13. Nxf6+ Bxf6 14.
Ng4 Bg7 15. e5 Qe7 16. Qe1 a5 17. Rf3 h5 18. Nf2 c4 19. Ne4 cxd3 20. cxd3 a4
21. Bd2 Rb8 22. Rb1 c5 23. Nd6 Bb7 24. Rg3 Bd5 25. Nc4 Qh4 26. Qd1 Bc6 27. a3
Bh6 28. Rh3 Qd8 29. Qe1 Qd5 30. Qg3 Bg7 31. Nd6 Rb3 32. Nxf7 Rxf7 33. Qxg6 Rf5
34. Be1 Rb7 35. Bh4 Rxf4 36. Rf1 Rxf1+ 37. Kxf1 Rxb2 38. Rf3 Rb1+ 39. Be1 Qd7
40. Rh3 Qf7+ 41. Qxf7+ Kxf7 42. Rxh5 Bxg2+ 43. Kxg2 Rxe1 44. Kf2 Rxe5 45. Rxe5
Bxe5 46. h4 Kg6 47. Kf3 Kf5 48. h5 Bf4 49. Ke2 Kg4 50. Kf2 Kxh5 51. Kf3 Bc1 52.
Ke4 Bxa3 0-1

[Event "East Lansing (MI Am/3)"]
[Site "?"]
[Date "1992.??.??"]
[Round "?"]
[White "Williams, BM."]
[Black "Troupe, D."]
[Result "1-0"]
[WhiteElo "1620"]
[BlackElo "1605"]
[PlyCount "45"]
[EventDate "1992.??.??"]

1. Nf3 Nf6 2. c4 d5 3. cxd5 Nxd5 4. Nc3 Nc6 5. e3 a6 6. Bc4 Nxc3 7. bxc3 h6 8.
d4 Bg4 9. Qb3 e6 10. Be2 Na5 11. Qa4+ c6 12. Bd2 b5 13. Qc2 Bd6 14. h3 Bf5 15.
Bd3 Bxd3 16. Qxd3 O-O 17. g4 Qf6 18. e4 c5 19. e5 c4 20. Qe4 Bxe5 21. Nxe5 Rfd8
22. h4 Nb7 23. Qxb7 1-0

[Event "East Lansing (MI Am/5)"]
[Site "?"]
[Date "1992.??.??"]
[Round "?"]
[White "Williams, BM."]
[Black "Hayes, Tim"]
[Result "0-1"]
[WhiteElo "1620"]
[BlackElo "1605"]
[PlyCount "86"]
[EventDate "1992.??.??"]

1. Nf3 c5 2. c4 Nc6 3. Nc3 Nf6 4. g3 d5 5. cxd5 Nxd5 6. Bg2 Nxc3 7. bxc3 Bf5 8.
Qa4 Bd7 9. Qb3 b6 10. d4 cxd4 11. cxd4 Rc8 12. O-O e6 13. Bb2 Be7 14. Rac1 O-O
15. Qe3 Bf6 16. Qd2 Na5 17. Rxc8 Bxc8 18. Qd3 Bb7 19. e4 Qd7 20. Ba3 Rd8 21. e5
Be7 22. Bxe7 Qxe7 23. h4 Qd7 24. Ng5 g6 25. Bxb7 Qxb7 26. Ne4 Nc6 27. Nf6+ Kg7
28. Qf3 Qc7 29. Rc1 Nxd4 30. Rxc7 Nxf3+ 31. Kf1 Nxe5 32. Ne4 Rd7 33. Rc3 Rd4
34. Re3 Nc4 35. Re2 Rxe4 36. Rc2 Rd4 37. Ke1 b5 38. Ke2 a5 39. a3 e5 40. Ra2 f5
41. Ra1 e4 42. Rb1 Nxa3 43. Rc1 Nc4 0-1

[Event "East Lansing (MI Am/1)"]
[Site "?"]
[Date "1992.??.??"]
[Round "?"]
[White "Williams, BM."]
[Black "Brelitch, D."]
[Result "1-0"]
[WhiteElo "1620"]
[BlackElo "1605"]
[PlyCount "61"]
[EventDate "1992.??.??"]

1. Nf3 Nf6 2. c4 g6 3. Nc3 Bg7 4. d4 O-O 5. e4 d6 6. Be2 Bg4 7. h3 Bxf3 8. Bxf3
c5 9. e5 Nfd7 10. Bxb7 Nb6 11. dxc5 dxc5 12. Qxd8 Rxd8 13. O-O Bxe5 14. Nd5
N8d7 15. Bxa8 Nxa8 16. Nxe7+ Kf8 17. Nc6 Re8 18. Nxa7 Ndb6 19. Bh6+ Kg8 20.
Rfe1 Nxc4 21. Rad1 f6 22. b3 Nb2 23. Rd2 c4 24. Rxb2 Bh2+ 25. Kf1 Rd8 26. bxc4
Be5 27. Nc6 Rd6 28. Rb8+ Kf7 29. Nxe5+ fxe5 30. Rxe5 Nc7 31. Rf8# 1-0

[Event "Detroit (MOR/4/64)"]
[Site "?"]
[Date "1992.??.??"]
[Round "?"]
[White "Whitley, D."]
[Black "Wysocki, Marc"]
[Result "0-1"]
[WhiteElo "1615"]
[BlackElo "1750"]
[PlyCount "108"]
[EventDate "1992.??.??"]

{4/(64)} 1. e4 e5 2. Nf3 f5 3. Nxe5 Qf6 4. d4 d6 5. Nc4 fxe4 6. Nc3 Qf7 7. d5
Nf6 8. Be2 g6 9. Bg5 Bf5 10. Ne3 a6 11. Nxf5 gxf5 12. Bxf6 Qxf6 13. Bh5+ Ke7
14. Qd2 Bh6 15. Qe2 Nd7 16. g3 Rhg8 17. f4 Qd4 18. Qd2 Qxd2+ 19. Kxd2 Bg7 20.
Be2 Bd4 21. Nd1 b5 22. c3 Bb6 23. Ne3 Bxe3+ 24. Kxe3 Nf6 25. Rhd1 h5 26. c4
bxc4 27. Rac1 c5 28. Rxc4 Rgb8 29. Rc2 a5 30. h3 Rg8 31. Kf2 Rg7 32. Bc4 Rag8
33. Rc3 h4 34. Rg1 Nh5 35. g4 Nxf4 36. Re3 Kf6 37. Be2 Ke5 38. Rd1 Nxe2 39.
Kxe2 f4 40. Ra3 Ra7 41. Ra4 Rb8 42. Rd2 Rb4 43. Ra3 e3 44. Rc2 Kxd5 45. Kf3 Ke5
46. Rg2 d5 47. g5 d4 48. b3 d3 49. g6 d2 50. Ke2 Kf6 51. g7 Rxg7 52. Rxg7 Kxg7
53. Rxa5 Rd4 54. Ra7+ Kf6 0-1

[Event "Detroit (MOR/6/71)"]
[Site "?"]
[Date "1992.??.??"]
[Round "?"]
[White "Whitley, D."]
[Black "Davis, Ralph"]
[Result "0-1"]
[WhiteElo "1615"]
[BlackElo "1605"]
[PlyCount "56"]
[EventDate "1992.??.??"]

{6/(71)} 1. f4 d5 2. Nf3 Bg4 3. e3 Nf6 4. b3 g6 5. Be2 Bxf3 6. Bxf3 Bg7 7. Bb2
O-O 8. d3 c6 9. Nd2 Qa5 10. O-O Nfd7 11. Bxg7 Kxg7 12. e4 e6 13. e5 f6 14. d4
fxe5 15. fxe5 c5 16. Bg4 Qb6 17. Nf3 Nc6 18. Bxe6 Rad8 19. Bxd5 Nxd4 20. Ng5
Nxe5 21. Rxf8 Rxf8 22. c3 Rd8 23. c4 Qf6 24. Ne4 Qf4 25. Nxc5 Ng4 26. Ne6+ Nxe6
27. h3 Qh2+ 28. Kf1 Ne3+ 0-1

[Event "Detroit (MOR/2/80)"]
[Site "?"]
[Date "1992.??.??"]
[Round "?"]
[White "Whitley, D."]
[Black "Aydar, S."]
[Result "1-0"]
[WhiteElo "1615"]
[BlackElo "1605"]
[PlyCount "63"]
[EventDate "1992.??.??"]

{2/(80)} 1. e4 e6 2. Nf3 d5 3. e5 a6 4. d4 Nc6 5. c3 g6 6. Be2 Bg7 7. Bg5 Nge7
8. O-O h6 9. Bh4 Qd7 10. Nbd2 Nf5 11. Bg3 Nxg3 12. fxg3 Qe7 13. Qc2 Qd8 14. Bd3
Ne7 15. Rf2 h5 16. Raf1 Bh6 17. Kh1 c6 18. Nh4 Rf8 19. Nxg6 Nxg6 20. Bxg6 Qe7
21. Bxf7+ Kd7 22. Nb3 h4 23. g4 Kc7 24. Qg6 Be3 25. Rf3 Bg5 26. Nc5 b6 27.
Nxe6+ Kb7 28. Nxf8 Qxf8 29. Bxd5 Qe7 30. Qxc6+ Kb8 31. Qxa8+ Kc7 32. Rf7 1-0

[Event "Detroit (MOR/6/90)"]
[Site "?"]
[Date "1992.??.??"]
[Round "?"]
[White "White, B."]
[Black "Uy, J."]
[Result "0-1"]
[WhiteElo "1605"]
[BlackElo "1605"]
[PlyCount "50"]
[EventDate "1992.??.??"]

{6/(90)} 1. f4 e6 2. Nf3 Nc6 3. e3 a6 4. Be2 Nf6 5. O-O Bc5 6. Nc3 b5 7. a3 Bb7
8. Qe1 Qe7 9. Ne5 d6 10. Nxc6 Bxc6 11. b4 Bb6 12. Bb2 Rg8 13. Qh4 h6 14. f5 e5
15. Rae1 O-O-O 16. Kh1 Kb8 17. d4 g5 18. Qf2 g4 19. Rd1 exd4 20. exd4 Rg7 21.
Qf4 Rdg8 22. d5 Bb7 23. Rfe1 Nh5 24. Qe4 Qh4 25. f6 Ng3# 0-1

[Event "Detroit (MOR/2/92)"]
[Site "?"]
[Date "1992.??.??"]
[Round "?"]
[White "White, B."]
[Black "Shields, S."]
[Result "1-0"]
[WhiteElo "1605"]
[BlackElo "1605"]
[PlyCount "97"]
[EventDate "1992.??.??"]

{2/(92)} 1. f4 Nf6 2. Nf3 d6 3. e3 Nc6 4. Be2 g6 5. O-O Bg7 6. c4 Bg4 7. Nc3
Qd7 8. d4 O-O 9. Bd2 Bxf3 10. Bxf3 Rab8 11. Rc1 Rbe8 12. d5 Nb4 13. Be2 a5 14.
a3 Na6 15. Na4 Qf5 16. Bxa5 b6 17. Nxb6 cxb6 18. Bxb6 Nc5 19. b4 Nce4 20. Bd3
Nd7 21. Bd4 Ndf6 22. b5 Ng4 23. Bxe4 Qxe4 24. Qxg4 Bxd4 25. exd4 Qxd4+ 26. Kh1
Rc8 27. Qe2 Qf6 28. Rf2 Rc5 29. Qb2 Qf5 30. Qc2 Qc8 31. Qd3 f5 32. a4 Qa8 33.
Ra2 Qa5 34. Qc3 Qxc3 35. Rxc3 Rfc8 36. Rac2 Kf8 37. Kg1 Ke8 38. Kf2 Ra8 39. Ra3
Ra5 40. Ke3 Kd7 41. Kd3 Kc7 42. Re2 Kd7 43. b6 Ra8 44. Rb2 Rca5 45. Rb4 Rb8 46.
Kc3 Kc8 47. Kd4 Rc5 48. Rh3 h5 49. Rg3 1-0

[Event "Detroit (MOR/4/79)"]
[Site "?"]
[Date "1992.??.??"]
[Round "?"]
[White "White, B."]
[Black "Moore, Robert"]
[Result "0-1"]
[WhiteElo "1605"]
[BlackElo "1765"]
[PlyCount "66"]
[EventDate "1992.??.??"]

{4/(79)} 1. f4 Nf6 2. Nf3 d5 3. e3 c5 4. Be2 e6 5. O-O Be7 6. b3 O-O 7. Bb2 Nc6
8. Qe1 a6 9. Ne5 d4 10. Qg3 Nb4 11. Na3 b5 12. Bf3 Nbd5 13. e4 Nb6 14. Nc6 Qc7
15. Nxe7+ Qxe7 16. e5 Nfd5 17. c4 dxc3 18. Bxc3 b4 19. Bb2 bxa3 20. Bxa3 Rb8
21. Rac1 Nb4 22. Bg4 Bd7 23. h4 Bb5 24. Rf3 Rfd8 25. Rd1 Be2 26. Rc3 Bxd1 27.
Bxd1 Rxd2 28. Qg4 Rbd8 29. Be2 f5 30. Qf3 N6d5 31. Bxa6 Nxc3 32. Qxc3 Rd1+ 33.
Kh2 Qxh4+ 0-1

[Event "Ann Arbor (HVA/5/12)"]
[Site "?"]
[Date "1992.??.??"]
[Round "?"]
[White "Welch, Joseph"]
[Black "Wong, A."]
[Result "0-1"]
[WhiteElo "1605"]
[BlackElo "1725"]
[PlyCount "127"]
[EventDate "1992.??.??"]

{5/(12)} 1. e4 e5 2. f4 exf4 3. Nf3 Nf6 4. Nc3 d5 5. exd5 Nxd5 6. Bc4 Be6 7.
Qe2 Be7 8. O-O Nc6 9. Nxd5 Bxd5 10. d3 O-O 11. Bxf4 Bxc4 12. dxc4 Bc5+ 13. Kh1
Re8 14. Qd1 Bb6 15. c3 Qf6 16. Bg5 Qe6 17. b3 h6 18. Bh4 Qg6 19. Qd5 Re6 20. c5
Re2 21. Ne1 Re5 22. Qd3 Rxc5 23. Qxg6 fxg6 24. c4 Re5 25. Nf3 Re2 26. a4 Rae8
27. Rfe1 Ba5 28. Red1 Rb2 29. Rab1 Ree2 30. Rxb2 Rxb2 31. Bg3 Rxb3 32. h3 Rb4
33. Be1 Rxc4 34. Bxa5 Nxa5 35. Rd8+ Kh7 36. Ne5 Nc6 37. Nxc4 Nxd8 38. Kg1 Kg8
39. Ne5 Kf8 40. Nxg6+ Kf7 41. Ne5+ Ke6 42. Nd3 Kd5 43. Kf2 Ne6 44. Ke3 c5 45.
Nb2 a6 46. g3 b5 47. axb5 axb5 48. Nd3 g6 49. g4 g5 50. Ne1 c4 51. Ng2 b4 52.
Kd2 Ke4 53. Ne3 c3+ 54. Ke2 Nd4+ 55. Kf2 c2 56. Nxc2 Nxc2 57. Ke2 Nd4+ 58. Kf2
b3 59. Kg3 b2 60. h4 b1=Q 61. h5 Qg1+ 62. Kh3 Qe3+ 63. Kg2 Kf4 64. Kh1 0-1

[Event "Detroit (MOR/7/70)"]
[Site "?"]
[Date "1992.??.??"]
[Round "?"]
[White "Welch, Joseph"]
[Black "Vemuri, Ramana"]
[Result "0-1"]
[WhiteElo "1605"]
[BlackElo "1605"]
[PlyCount "84"]
[EventDate "1992.??.??"]

{7/(70)} 1. e4 c6 2. d4 d5 3. e5 Bf5 4. f4 e6 5. Nf3 Nd7 6. Bd3 Bxd3 7. Qxd3
Nh6 8. O-O c5 9. c3 Nf5 10. Be3 Nxe3 11. Qxe3 Qb6 12. b3 Rc8 13. Rc1 Be7 14.
Nbd2 O-O 15. Kh1 Rfe8 16. g4 cxd4 17. cxd4 Ba3 18. Rxc8 Rxc8 19. f5 Be7 20. h4
Rc6 21. fxe6 fxe6 22. Rf1 Qd8 23. h5 h6 24. Rg1 Nf8 25. g5 hxg5 26. Nxg5 Qe8
27. Qh3 Bxg5 28. Rxg5 Rc1+ 29. Kh2 Rc2 30. Qg2 Qf7 31. Kh3 Rc3+ 32. Kh4 Rc2 33.
Kh3 Kh8 34. Rg4 Nh7 35. Kh4 Rxa2 36. Qe2 a6 37. Qe3 Ra1 38. Rf4 Rh1+ 39. Kg3
Qxh5 40. Kf2 Qh2+ 41. Kf3 Qh3+ 42. Ke2 Re1+ 0-1

[Event "Ann Arbor (HVA/2/16)"]
[Site "?"]
[Date "1992.??.??"]
[Round "?"]
[White "Welch, Joseph"]
[Black "Moore, Deane"]
[Result "1-0"]
[WhiteElo "1605"]
[BlackElo "1605"]
[PlyCount "58"]
[EventDate "1992.??.??"]

{2/(16)} 1. e4 e5 2. f4 exf4 3. Nf3 Nc6 4. d4 Bb4+ 5. c3 Ba5 6. Bxf4 Qe7 7.
Nbd2 d5 8. e5 a6 9. Bd3 b5 10. b4 Bb6 11. O-O h6 12. Kh1 Qe6 13. a4 Bb7 14.
axb5 axb5 15. Rxa8+ Bxa8 16. Bxb5 Nge7 17. Nb3 O-O 18. Be2 Bb7 19. Nfd2 Ng6 20.
Bg3 Nce7 21. Qc2 c6 22. Ra1 Qf5 23. Bd3 Qg4 24. Nc5 Bxc5 25. bxc5 Nf4 26. Bxf4
Qxf4 27. Rf1 Qg5 28. Nf3 Qf4 29. Qe2 Qg4 1-0

[Event "Detroit (MOR/4/88)"]
[Site "?"]
[Date "1992.??.??"]
[Round "?"]
[White "Welch, Joseph"]
[Black "Mailing, Don"]
[Result "1-0"]
[WhiteElo "1605"]
[BlackElo "1605"]
[PlyCount "63"]
[EventDate "1992.??.??"]

{4/(88)} 1. e4 e6 2. d4 d5 3. Nc3 Bb4 4. e5 Ne7 5. a3 Ba5 6. b4 Bb6 7. f4 O-O
8. Nf3 h6 9. Bd3 Nf5 10. Ne2 Nc6 11. Bxf5 exf5 12. O-O a5 13. b5 Na7 14. Qd3
Bd7 15. a4 c6 16. bxc6 Nxc6 17. c3 Bc7 18. Ng3 Qc8 19. Nh5 Bd8 20. Ba3 Be7 21.
Bxe7 Nxe7 22. Nh4 Ng6 23. Qg3 Qe8 24. Rfb1 Rb8 25. Rb6 Be6 26. Rab1 Kh7 27.
R1b5 Rg8 28. Rxa5 Qe7 29. Nf3 Qc7 30. Rab5 Qxc3 31. Ng5+ Kh8 32. Qxc3 1-0

[Event "Ann Arbor (HVA/4/11)"]
[Site "?"]
[Date "1992.??.??"]
[Round "?"]
[White "Welch, Joseph"]
[Black "Lewis, C."]
[Result "0-1"]
[WhiteElo "1605"]
[BlackElo "1680"]
[PlyCount "80"]
[EventDate "1992.??.??"]

{4/(11)} 1. e4 e6 2. d4 d5 3. Nd2 c5 4. exd5 Qxd5 5. Ngf3 cxd4 6. Bc4 Qc5 7.
Qe2 Nf6 8. Nb3 Qb6 9. Bg5 Bb4+ 10. Kf1 Be7 11. Nfxd4 O-O 12. Bd3 h6 13. Bh4 Nc6
14. Nxc6 bxc6 15. Bxf6 Bxf6 16. c3 e5 17. h4 Re8 18. Qe4 g6 19. g4 Ba6 20. Bxa6
Qxa6+ 21. Kg2 Qb5 22. Rh3 Rad8 23. Rah1 Qd5 24. f3 a5 25. Qe3 a4 26. Nc5 Qd2+
27. Qxd2 Rxd2+ 28. Kg3 Rxb2 29. Nxa4 Rxa2 30. Nc5 g5 31. hxg5 Bxg5 32. Ne4 Bf4+
33. Kh4 Kg7 34. g5 hxg5+ 35. Nxg5 f5 36. Rg1 Rh8+ 37. Nh7+ Kf7 38. Rg5 Rxh7+
39. Rh5 Rxh5+ 40. Kxh5 Ra8 0-1

[Event "Ann Arbor (Holiday Op)"]
[Site "?"]
[Date "1992.??.??"]
[Round "?"]
[White "Welch, Joseph"]
[Black "Lewis, C."]
[Result "0-1"]
[WhiteElo "1615"]
[BlackElo "1605"]
[PlyCount "72"]
[EventDate "1992.??.??"]

1. d4 Nf6 2. c4 e5 3. dxe5 Ng4 4. Nf3 Nc6 5. Qd5 Bb4+ 6. Bd2 Qe7 7. h3 Ngxe5 8.
Nxe5 Bxd2+ 9. Nxd2 Nxe5 10. O-O-O O-O 11. Nf3 Nxf3 12. exf3 c6 13. Qd6 Qg5+ 14.
f4 Qa5 15. Kb1 Re8 16. Bd3 Re6 17. Qd4 b5 18. f5 Rf6 19. Rhe1 Qd8 20. g4 d5 21.
g5 Rd6 22. c5 Rd7 23. f6 g6 24. Re3 h5 25. gxh6 Kh7 26. Rde1 Qf8 27. Re7 Qxh6
28. h4 Rxe7 29. Rxe7 Be6 30. Rc7 Qh5 31. Kc2 a5 32. Rxc6 b4 33. b3 a4 34. Qxb4
axb3+ 35. Qxb3 d4 36. Rxe6 Qxc5+ 0-1

[Event "Detroit (MOR/5/70)"]
[Site "?"]
[Date "1992.??.??"]
[Round "?"]
[White "Welch, Joseph"]
[Black "Letourneau, Keith"]
[Result "0-1"]
[WhiteElo "1605"]
[BlackElo "1670"]
[PlyCount "71"]
[EventDate "1992.??.??"]

{5/(70)} 1. e4 c6 2. d4 d5 3. e5 Bf5 4. Bd3 Bg6 5. f4 e6 6. Nf3 Nd7 7. Be3 Ne7
8. g4 Nb6 9. b3 Qd7 10. Qe2 Bxd3 11. Qxd3 h5 12. g5 Nf5 13. Bf2 Rc8 14. O-O c5
15. dxc5 Bxc5 16. Bxc5 Rxc5 17. b4 Rc4 18. c3 Rxf4 19. h3 Nc4 20. Nd4 Rxf1+ 21.
Kxf1 Nfe3+ 22. Ke2 Qa4 23. Nd2 Nxd2 24. Qxd2 Nc4 25. Qf4 Qa3 26. Nb3 Qb2+ 27.
Kd3 Qg2 28. h4 Qg4 29. Qd4 Qf3+ 30. Kc2 Qe2+ 31. Nd2 Qxd2+ 32. Qxd2 Nxd2 33.
Kxd2 Kd7 34. Kd3 Rc8 35. Rf1 b5 36. Rf4 0-1

[Event "Detroit (MOR/2/59)"]
[Site "?"]
[Date "1992.??.??"]
[Round "?"]
[White "Welch, Joseph"]
[Black "Collins, Charles"]
[Result "0-1"]
[WhiteElo "1605"]
[BlackElo "1740"]
[PlyCount "84"]
[EventDate "1992.??.??"]

{2/(59)} 1. e4 Nf6 2. e5 Nd5 3. d4 d6 4. c4 Nb6 5. f4 dxe5 6. fxe5 Nc6 7. Be3
Bf5 8. a3 e6 9. Nf3 Be7 10. Nc3 O-O 11. Be2 f6 12. exf6 Bxf6 13. O-O Qe7 14. h3
h6 15. Qe1 Rad8 16. Rd1 g5 17. Nh2 Qg7 18. d5 Nd4 19. Bxd4 Bxd4+ 20. Kh1 exd5
21. Bh5 Bc8 22. Rxf8+ Rxf8 23. cxd5 Nc4 24. Nf3 Bf6 25. Qe2 Nxb2 26. Qxb2 Bxc3
27. Qb3 Kh8 28. d6 cxd6 29. Rxd6 Bf6 30. Qd5 b6 31. Nd2 Qe7 32. Ne4 Bg7 33. Kg1
Bb7 34. Qe6 Bd4+ 35. Kh2 Qxe6 36. Rxe6 Bg7 37. Nd6 Bd5 38. Re7 Rf2 39. Nf7+ Kh7
40. Ne5 Rxg2+ 41. Kh1 Re2+ 42. Kg1 Rxe5 0-1

[Event "Detroit (MI Op/3/48)"]
[Site "?"]
[Date "1992.??.??"]
[Round "?"]
[White "Weaver, D."]
[Black "Kruskie, Jerry"]
[Result "0-1"]
[WhiteElo "1605"]
[BlackElo "1840"]
[PlyCount "51"]
[EventDate "1992.??.??"]

{3/(48)} 1. e4 c5 2. Nf3 Nc6 3. d4 cxd4 4. Nxd4 g6 5. Be3 Bg7 6. c3 Nf6 7. Bd3
O-O 8. Nd2 d5 9. Qc2 Ng4 10. Bg5 Nxd4 11. cxd4 Bxd4 12. O-O Ne5 13. exd5 Nxd3
14. Qxd3 Bxb2 15. Rae1 Bf6 16. Bh6 Re8 17. Re3 Bf5 18. Qb3 Qc7 19. Qb4 Rac8 20.
Rfe1 a5 21. Qb5 Bd7 22. Qb3 a4 23. Qb4 Bc3 24. d6 Bxb4 25. dxc7 Bxd2 26. Rd1
0-1

[Event "Detroit (MI Op/7/34)"]
[Site "?"]
[Date "1992.??.??"]
[Round "?"]
[White "Weaver, D."]
[Black "Aldrich, Jeff"]
[Result "0-1"]
[WhiteElo "1605"]
[BlackElo "1950"]
[PlyCount "70"]
[EventDate "1992.??.??"]

{7/(34)} 1. Nf3 d5 2. d4 Nf6 3. g3 c6 4. Bg2 Bg4 5. O-O Nbd7 6. Re1 e6 7. Bf4
c5 8. h3 Bh5 9. Qd2 Ne4 10. Qd3 Qb6 11. b3 Bg6 12. Qe3 cxd4 13. Nxd4 Bc5 14. c3
e5 15. Bxe4 exd4 16. cxd4 Bxd4 17. Bc7 Bxe3 18. Bxb6 Bxb6 19. Bxd5 Bd4 20. Bxb7
Rb8 21. Bc6 Bxa1 22. f4 Ke7 23. e4 f6 24. Na3 Bd4+ 25. Kg2 Bb6 26. Nc4 Bf7 27.
Nd2 Rbc8 28. Bb5 Rc2 29. Rd1 Ba5 30. Kf3 Rxd2 31. Rc1 Bb6 32. e5 Bd5+ 33. Kg4
fxe5 34. Re1 g6 35. fxe5 h6 0-1

[Event "Detroit (MOR/6/80)"]
[Site "?"]
[Date "1992.??.??"]
[Round "?"]
[White "Waugh, D."]
[Black "Welch, Joseph"]
[Result "0-1"]
[WhiteElo "1605"]
[BlackElo "1605"]
[PlyCount "88"]
[EventDate "1992.??.??"]

{6/(80)} 1. e4 e6 2. d4 d5 3. exd5 exd5 4. Nc3 Be7 5. Bf4 c6 6. Nf3 Nf6 7. Qe2
O-O 8. O-O-O Re8 9. Qd3 Ng4 10. Rd2 g6 11. Re2 Bf5 12. Qd2 Nd7 13. h3 Ngf6 14.
Ng5 Nf8 15. g4 Bd7 16. Re3 Qa5 17. a3 b5 18. Nb1 Qb6 19. Nf3 Ne4 20. Qe2 Ne6
21. Bh6 Nxd4 22. Nxd4 Qxd4 23. c3 Qb6 24. Bg2 Bg5 25. Re1 Bxe3+ 26. Bxe3 Qc7
27. f3 Nd6 28. Qd3 Nc4 29. Bf2 Rxe1+ 30. Bxe1 Re8 31. Bh4 Qf4+ 32. Nd2 a5 33.
b3 Ne3 34. Bh1 h6 35. Bf2 a4 36. b4 Nc4 37. Kc2 Nxa3+ 38. Kd1 Nc4 39. Nxc4 bxc4
40. Qf1 a3 41. Kc2 a2 42. Kb2 Qd2+ 43. Ka1 Qxc3+ 44. Kxa2 Ra8+ 0-1

[Event "Detroit (MOR/3/82)"]
[Site "?"]
[Date "1992.??.??"]
[Round "?"]
[White "Waugh, D."]
[Black "Rostrom, Richard"]
[Result "1-0"]
[WhiteElo "1605"]
[BlackElo "1650"]
[PlyCount "103"]
[EventDate "1992.??.??"]

{3/(82)} 1. e4 c5 2. c3 g6 3. d4 cxd4 4. cxd4 Bg7 5. Nf3 e6 6. Nc3 Ne7 7. Be3
O-O 8. h4 f5 9. e5 d6 10. Bf4 dxe5 11. dxe5 Qa5 12. Qa4 Qb6 13. Qb5 Qc7 14. Rc1
a6 15. Qe2 Nbc6 16. Qe3 Qa5 17. Bc4 Nd5 18. Bxd5 exd5 19. Rd1 Be6 20. Nd4 Nxd4
21. Rxd4 Rac8 22. h5 Rc4 23. hxg6 Rxd4 24. Qxd4 hxg6 25. Bh6 Qc7 26. Bxg7 Qxg7
27. Nxd5 Bxd5 28. Qxd5+ Qf7 29. Qxf7+ Rxf7 30. f4 Rc7 31. Kd2 Rc4 32. g3 Rd4+
33. Ke3 Re4+ 34. Kf3 Rd4 35. Rh2 Rd3+ 36. Kg2 Rd2+ 37. Kh3 Rd7 38. g4 Rh7+ 39.
Kg3 Rd7 40. gxf5 gxf5 41. Rh5 Rd3+ 42. Kh4 Rd2 43. Kg5 Rxb2 44. Kxf5 Rc2 45. e6
Rc5+ 46. Kg6 Rxh5 47. Kxh5 b5 48. Kg6 Kf8 49. f5 b4 50. f6 a5 51. e7+ Ke8 52.
Kg7 1-0

[Event "Detroit (MOR/1b/45)"]
[Site "?"]
[Date "1992.??.??"]
[Round "?"]
[White "Waugh, D."]
[Black "Pavlovich, J."]
[Result "0-1"]
[WhiteElo "1605"]
[BlackElo "1680"]
[PlyCount "92"]
[EventDate "1992.??.??"]

1. e4 c5 2. c3 d5 3. exd5 Qxd5 4. Nf3 Nc6 5. Na3 a6 6. Nc2 Nf6 7. d4 cxd4 8.
Ncxd4 Nxd4 9. Qxd4 Qxd4 10. Nxd4 g6 11. Bf4 Bg7 12. Rd1 O-O 13. Nf3 Be6 14. b3
Nd5 15. Be5 Nxc3 16. Bxg7 Kxg7 17. Rd2 Rfd8 18. Bd3 Nxa2 19. Be4 Rxd2 20. Nxd2
Rb8 21. O-O b5 22. f4 Rd8 23. Rf2 Nb4 24. f5 gxf5 25. Bb1 Rc8 26. Bxf5 Rc1+ 27.
Nf1 Bxb3 28. h4 Bc4 29. g3 Bxf1 30. Rxf1 Rxf1+ 31. Kxf1 e6 32. Be4 Nd5 33. Ke1
Kf6 34. Kd2 h6 35. Kd3 Ke5 36. Bf3 a5 37. Bh5 f6 38. Be8 Nc7 39. Bc6 a4 40. Kc3
Nd5+ 41. Kb2 Nc7 42. Kc3 a3 43. Bf3 Nd5+ 44. Kb3 b4 45. Be2 Kd4 46. Bc4 e5 0-1

[Event "Ann Arbor (HVA/5)"]
[Site "?"]
[Date "1992.??.??"]
[Round "?"]
[White "Waugh, D."]
[Black "Lewis, C."]
[Result "0-1"]
[WhiteElo "1605"]
[BlackElo "1680"]
[PlyCount "58"]
[EventDate "1992.??.??"]

1. e4 e6 2. d4 d5 3. exd5 exd5 4. Nf3 Nf6 5. Bf4 Bd6 6. Bxd6 Qxd6 7. Nc3 O-O 8.
Bd3 Re8+ 9. Ne2 Bg4 10. h3 Bxf3 11. gxf3 Qb4+ 12. c3 Qxb2 13. Qc1 Qxc1+ 14.
Rxc1 Nbd7 15. Kd2 a6 16. Rhg1 c5 17. Rg2 cxd4 18. Nxd4 Nc5 19. Bc2 Ne6 20. Nf5
g6 21. h4 Nf4 22. Rg4 Nxg4 23. Nd4 Nxf2 24. Rf1 N2h3 25. Rh1 Rac8 26. h5 Ng5
27. hxg6 fxg6 28. Rh4 Nfe6 29. f4 Nxd4 0-1

[Event "Ann Arbor (HVA/1/15)"]
[Site "?"]
[Date "1992.??.??"]
[Round "?"]
[White "Waugh, D."]
[Black "Gregory, Kevin"]
[Result "0-1"]
[WhiteElo "1605"]
[BlackElo "1700"]
[PlyCount "86"]
[EventDate "1992.??.??"]

{1/(15)} 1. e4 c6 2. c3 d5 3. exd5 cxd5 4. d4 Nf6 5. Nd2 g6 6. Ngf3 Bg7 7. Be2
O-O 8. Ne5 Nbd7 9. Ndf3 a6 10. Be3 Re8 11. Ng5 Nxe5 12. dxe5 Ne4 13. Bf3 Nxg5
14. Bxg5 Bxe5 15. Bxd5 Bf6 16. Bh6 Qc7 17. Qf3 Qe5+ 18. Qe4 e6 19. Qxe5 Bxe5
20. Bf3 Rb8 21. Rd1 Bg7 22. Bxg7 Kxg7 23. Rd4 e5 24. Rc4 Re7 25. a3 b5 26. Rc5
e4 27. Be2 Bb7 28. O-O Rd8 29. Rb1 Rd2 30. Kf1 e3 31. f3 f5 32. b4 Ra2 33. c4
bxc4 34. Rxc4 Rxa3 35. Rbc1 Kf6 36. f4 Ra2 37. Re1 Rb2 38. Rd4 Re6 39. Rd7 Rxb4
40. Rxh7 Rxf4+ 41. Kg1 Rb6 42. Rh3 Rb3 43. Bf1 Re4 0-1